000 00678cam a22002413a 4500
001 13087
003 PGUSA
005 20140828083301.0
008 040802s2004||||xxu|||||s|||||000 1 eng d
040 _aPGUSA
_beng
042 _adc
050 4 _aPZ
100 1 _aGaris, Howard Roger,
_d1873-1962
245 1 0 _aSammie and Susie Littletail
_h[electronic resource] /
_cHoward Roger Garis
260 _bProject Gutenberg,
_c2004
506 _aPublic domain in the USA.
516 _aElectronic text
653 _aRabbits -- Juvenile fiction
700 1 _aWisa, Louis
830 0 _aProject Gutenberg
_v13087
856 4 0 _uhttp://www.gutenberg.org/ebooks/13087
942 _cEB
999 _c242342
_d242342